First Leader by Country Quiz - Statistics

General Stats
  • This quiz has been taken 111 times
  • The average score is 11 of 20
Answer Stats
Country Position Leader % Correct
United States President George Washington
100%
China (PRC) President Mao Zedong
94%
North Korea General Secretary Kim Il-Sung
90%
Turkey President Mustafa Kemal Atatürk
81%
Russia President Boris Yeltsin
77%
Iran Supreme Leader Ruhollah Khomeini
66%
Republic ofSouth Africa President Nelson Mandela
65%
India Prime Minister Jawaharlal Nehru
60%
Holy Roman Empire Emperor Charlemagne
57%
Israel Prime Minister David Ben-Gurion
54%
Italy King Victor Emmanuel II
50%
West Germany Chancellor Konrad Adenauer
48%
Brazil Emperor Pedro I
46%
Indonesia President Sukarno
46%
Colombia President Simón Bolívar
41%
Saudi Arabia King Ibn Saud
40%
Texas President Sam Houston
34%
Kenya President Jomo Kenyatta
31%
United Kingdom Prime Ministerde facto Sir Robert Walpole
31%
South Korea President Syngman Rhee
28%
No matching quizzes found
Score Distribution
Percent of People with Each Score
Percentile by Number Answered
Your Score History
You have not taken this quiz